| 000 | 01350nam0a22003131 4500 | ||
|---|---|---|---|
| 001 | v19\rc\1704723 | ||
| 005 | 20061002162540.3 | ||
| 035 | _a(NLR Aleph) 004805883 | ||
| 090 |
_a4877219 _c4877219 |
||
| 100 | _a20061002e18981898|||y0rusy50 ca | ||
| 101 | 0 | _arus | |
| 102 | _aRU | ||
| 105 | _ay z ||||| | ||
| 200 | 1 |
_aОт Суйдина до Урумци _eОтрывки из писем рус. ген. консула в Урумци, В.М. Успенского _fСообщ. проф. Спб. ун-та А.М. Позднеевым |
|
| 210 |
_a[Санкт-Петербург] _cтип. В. Безобразова и К° _d[1898] |
||
| 215 |
_a20 с. _d24 |
||
| 309 | _aБез тит. л. и обл. | ||
| 311 | _aОтт. из "Изв. Рус. геогр. о-ва". Т. 34, вып. 2, с. 185-204, 1898 | ||
| 488 | 0 |
_12001#$aИзвестия Русского географического общества$v1898, т. 34, вып. 2 _1215##$aС. 185-204 |
|
| 700 | 1 |
_aУспенский _bВ. М. _gВиктор Матвеевич |
|
| 702 | 1 |
_aПозднеев _bА. М. _f1851-1920 _gАлексей Матвеевич _4570 |
|
| 801 | 0 |
_aRU _bNLR _gpsbo |
|
| 801 | 0 |
_aRU _bRuMoRGB _2psbo |
|
| 801 | 1 |
_aRU _bProSoft-M _2rusmarc |
|
| 852 |
_aNLR _j18.152.1.87 |
||
| 899 |
_aRuMoRGB _jF 103/199 |
||
| 899 | _aНБ СПбГУ | ||
| 942 | _cBOOK | ||
| 980 | _aNB | ||